[Event "ECCC 2013"]
[Site "Rhodes"]
[Date "2013.10.23"]
[Round "4"]
[White "Bjerre, Jonas"]
[Black "Kuehn, Peter"]
[Result "0-1"]
[WhiteElo "1792"]
[BlackElo "2377"]
[PlyCount "56"]
[EventDate "2013.10.20"]
[EventType "team"]
[EventRounds "7"]
[EventCountry "GRE"]
[WhiteTeam "Nordea Skanderborg"]
[BlackTeam "Reichenstein SSB"]

1. e4 c6 2. d4 d5 3. Nc3 g6 4. Be2 Bg7 5. exd5 cxd5 6. Bf3 e6 7. Nge2 Nc6 8.
Bf4 Nge7 9. O-O Nf5 10. Nb5 O-O 11. c3 a6 12. Na3 Nh4 13. Nc1 Nxf3+ 14. Qxf3 f6
15. Qg3 e5 16. dxe5 fxe5 17. Bg5 Qb6 18. Nb3 Be6 19. Be3 d4 20. cxd4 Nxd4 21.
Nxd4 exd4 22. Bf4 Qxb2 23. Rfb1 Qc3 24. Bd6 Qxg3 25. hxg3 Rfd8 26. Bc7 d3 27.
Bxd8 Rxd8 28. Kf1 b5 0-1

[Event "ECCC 2013"]
[Site "Rhodes"]
[Date "2013.10.23"]
[Round "4"]
[White "Ermeni, Avni"]
[Black "Miralles, Gilles"]
[Result "0-1"]
[WhiteElo "2274"]
[BlackElo "2472"]
[PlyCount "102"]
[EventDate "2013.10.20"]
[EventType "team"]
[EventRounds "7"]
[EventCountry "GRE"]
[WhiteTeam "Expik Kosova"]
[BlackTeam "Club d'Echecs de Geneve"]

1. d4 Nf6 2. Nf3 e6 3. c4 b6 4. g3 Ba6 5. b3 Bb7 6. Bg2 Bb4+ 7. Bd2 c5 8. O-O
O-O 9. Bc3 d5 10. cxd5 exd5 11. a3 Bxc3 12. Nxc3 Nbd7 13. Ra2 Qe7 14. Qa1 Ne4
15. e3 Ndf6 16. dxc5 bxc5 17. Nxe4 Nxe4 18. b4 Ba6 19. Rc1 Bc4 20. Rb2 a5 21.
bxc5 Nxc5 22. Rd1 Nb3 23. Qb1 a4 24. Ne1 Rac8 25. Nc2 Be2 26. Rxd5 Rfd8 27. Nd4
Bc4 28. Rxd8+ Qxd8 29. Qe4 Bd5 30. Qb1 Rc1+ 31. Qxc1 Nxc1 32. Bxd5 g6 33. e4
Qf6 34. Rd2 Qe7 35. Rc2 Nd3 36. Nb5 Qf6 37. Rd2 Qa1+ 38. Kg2 Ne1+ 39. Kh3 Nf3
40. Rc2 Qf1+ 41. Kg4 Nxh2+ 42. Kg5 Qxb5 43. Rc7 Qe8 44. Rxf7 Qxf7 45. f4 Kg7
46. Bxf7 h6+ 47. Kh4 Kxf7 48. g4 Nf3+ 49. Kg3 Nd2 50. e5 Nc4 51. Kf3 Nxa3 0-1

[Event "ECCC 2013"]
[Site "Rhodes"]
[Date "2013.10.23"]
[Round "4"]
[White "Budima, Armend"]
[Black "Landenbergue, Claude"]
[Result "1-0"]
[WhiteElo "2226"]
[BlackElo "2393"]
[PlyCount "89"]
[EventDate "2013.10.20"]
[EventType "team"]
[EventRounds "7"]
[EventCountry "GRE"]
[WhiteTeam "Expik Kosova"]
[BlackTeam "Club d'Echecs de Geneve"]

1. e4 c5 2. Nc3 Nc6 3. f4 g6 4. Nf3 Bg7 5. Bc4 e6 6. f5 Nge7 7. fxe6 dxe6 8. d3
O-O 9. a4 h6 10. O-O Nd4 11. Ne2 Nec6 12. Nexd4 cxd4 13. Qe1 a5 14. Bd2 b6 15.
Qg3 Nb4 16. Bb3 Bd7 17. Ne5 Be8 18. Rf3 Qe7 19. Raf1 Kh7 20. Nc4 b5 21. axb5 a4
22. Nd6 axb3 23. Bxb4 bxc2 24. Ba3 Rxa3 25. bxa3 Bxb5 26. Nxb5 Qc5 27. Qc7 Qxb5
28. Qxc2 f5 29. exf5 exf5 30. Rb1 Qa5 31. a4 Re8 32. Rff1 Re7 33. Rb5 Qa6 34.
Qb3 h5 35. Rb6 Qa8 36. Qb5 Rc7 37. Rb8 Qa7 38. Qb6 Qxb6 39. Rxb6 Rc3 40. Ra1
Rxd3 41. a5 Re3 42. a6 d3 43. Rd1 Bd4 44. Rb7+ Kh6 45. Kf1 1-0

[Event "ECCC 2013"]
[Site "Rhodes"]
[Date "2013.10.23"]
[Round "4"]
[White "Domont, Alexandre"]
[Black "Fejzullahu, Afrim"]
[Result "0-1"]
[WhiteElo "2373"]
[BlackElo "2334"]
[PlyCount "146"]
[EventDate "2013.10.20"]
[EventType "team"]
[EventRounds "7"]
[EventCountry "GRE"]
[WhiteTeam "Club d'Echecs de Geneve"]
[BlackTeam "Expik Kosova"]

1. d4 d5 2. Nc3 Nf6 3. Bg5 Bf5 4. f3 c5 5. dxc5 d4 6. e4 Bc8 7. Bc4 Nc6 8. Nce2
Qa5+ 9. Qd2 Qxc5 10. Bb3 a5 11. c3 e5 12. cxd4 exd4 13. a3 a4 14. Rc1 Qb6 15.
Bc4 Bc5 16. Bxf6 gxf6 17. Nf4 Ne7 18. Nd3 Bd6 19. Ne2 Ng6 20. O-O f5 21. Kh1
O-O 22. e5 Nxe5 23. Qg5+ Ng6 24. Nef4 Qd8 25. Qh6 Qh4 26. Qxh4 Nxh4 27. Rfe1
Bd7 28. Ne2 Rfe8 29. Nxd4 Ng6 30. Bb5 Rxe1+ 31. Rxe1 Bxb5 32. Nxb5 Bf8 33. g3
Rd8 34. Re3 Bg7 35. f4 Nf8 36. Kg2 Ne6 37. Kf3 Nd4+ 38. Nxd4 Bxd4 39. Re2 Rd6
40. Rc2 Rb6 41. Nb4 Re6 42. Nd5 Kg7 43. Rd2 Bc5 44. Rc2 Bd4 45. Rd2 Bc5 46. Nc3
Re3+ 47. Kg2 b5 48. Nxb5 Rb3 49. Nc3 Bxa3 50. Nxa4 Be7 51. Nc3 Bf6 52. Nd1 h5
53. Kf1 h4 54. Rg2 Kh6 55. gxh4 Bxh4 56. Ke2 Bf6 57. Rg3 Rb4 58. b3 Rxf4 59.
Ne3 Bg5 60. Kd3 Rf2 61. Rh3+ Kg6 62. Nd5 f4 63. Nc3 Kf5 64. Ne4 Rb2 65. Nxg5
Kxg5 66. Kc3 Rg2 67. Rh7 Kg6 68. Rh8 f3 69. Kd4 f2 70. Rg8+ Kf5 71. Rxg2 f1=Q
72. Rb2 Qf4+ 73. Kc3 Qe5+ 0-1

[Event "ECCC 2013"]
[Site "Rhodes"]
[Date "2013.10.23"]
[Round "4"]
[White "Zymberi, Astrit"]
[Black "Vuilleumier, Alexandre"]
[Result "0-1"]
[WhiteElo "2132"]
[BlackElo "2325"]
[PlyCount "58"]
[EventDate "2013.10.20"]
[EventType "team"]
[EventRounds "7"]
[EventCountry "GRE"]
[WhiteTeam "Expik Kosova"]
[BlackTeam "Club d'Echecs de Geneve"]

1. d4 Nf6 2. c4 e6 3. Nc3 Bb4 4. Qc2 O-O 5. a3 Bxc3+ 6. Qxc3 b6 7. Bg5 Bb7 8.
f3 d6 9. e4 c5 10. d5 Nbd7 11. Nh3 exd5 12. cxd5 Re8 13. Be2 h6 14. Bxf6 Nxf6
15. Nf2 Qe7 16. Qd2 a6 17. a4 Qe5 18. Ra3 Bc8 19. f4 Qd4 20. Qxd4 cxd4 21. Rd3
Nxe4 22. Rxd4 Nc5 23. Nd3 Bg4 24. Nc1 Nb3 25. Nxb3 Rxe2+ 26. Kf1 Rae8 27. h3
Re1+ 28. Kf2 R8e2+ 29. Kg3 Rxh1 0-1

[Event "ECCC 2013"]
[Site "Rhodes"]
[Date "2013.10.23"]
[Round "4"]
[White "Duport, Nicolas"]
[Black "Ajvazi, Ramadan"]
[Result "1-0"]
[WhiteElo "2219"]
[BlackElo "2152"]
[PlyCount "119"]
[EventDate "2013.10.20"]
[EventType "team"]
[EventRounds "7"]
[EventCountry "GRE"]
[WhiteTeam "Club d'Echecs de Geneve"]
[BlackTeam "Expik Kosova"]

1. e4 c5 2. Nf3 d6 3. d4 cxd4 4. Nxd4 Nf6 5. Nc3 g6 6. Be3 Bg7 7. f3 O-O 8. Qd2
Nc6 9. Bc4 Bd7 10. O-O-O Rc8 11. Bb3 Nxd4 12. Bxd4 b5 13. Nd5 Nxd5 14. Bxg7
Kxg7 15. exd5 a5 16. a3 b4 17. axb4 axb4 18. Qxb4 Kg8 19. Rhe1 Re8 20. Re3 Ra8
21. Rde1 Ra1+ 22. Kd2 Rxe1 23. Kxe1 Qa8 24. Qd4 Bf5 25. g4 Bd7 26. Kf2 Bb5 27.
h4 Qc8 28. h5 Qc5 29. Qxc5 dxc5 30. hxg6 hxg6 31. Rc3 Rc8 32. Bc4 Bd7 33. Ba6
Rb8 34. b3 Bb5 35. Bxb5 Rxb5 36. Ke2 Kf8 37. Kd3 Ke8 38. Rc4 Kd7 39. Ra4 Rb6
40. Kc4 Rf6 41. Kxc5 Rxf3 42. Rc4 f5 43. gxf5 Rxf5 44. Re4 g5 45. b4 Rf8 46. c4
Rg8 47. Rg4 Rg6 48. b5 Kc7 49. Re4 g4 50. Rxe7+ Kd8 51. Re1 g3 52. b6 g2 53.
Rg1 Kd7 54. Kb5 Kd6 55. c5+ Kxd5 56. b7 Rg8 57. Rd1+ Ke6 58. c6 g1=Q 59. Rxg1
Rxg1 60. c7 1-0

[Event "ECCC 2013"]
[Site "Rhodes"]
[Date "2013.10.23"]
[Round "4"]
[White "Pruijssers, Roeland"]
[Black "Rasmussen, Allan Stig"]
[Result "1/2-1/2"]
[WhiteElo "2529"]
[BlackElo "2499"]
[PlyCount "80"]
[EventDate "2013.10.20"]
[EventType "team"]
[EventRounds "7"]
[EventCountry "GRE"]
[WhiteTeam "Accres Apeldoorn"]
[BlackTeam "Jetsmark"]

1. e4 c6 2. d4 d5 3. Nc3 dxe4 4. Nxe4 Nd7 5. Ng5 Ngf6 6. Bd3 e6 7. N1f3 Bd6 8.
Qe2 h6 9. Ne4 Nxe4 10. Qxe4 Qc7 11. O-O b6 12. Qg4 Kf8 13. b3 Bb7 14. Bb2 Nf6
15. Qh4 Nd5 16. Rfe1 Nf4 17. Rad1 Rd8 18. Ne5 g5 19. Qg4 Rg8 20. Qf3 c5 21. Be4
Bxe4 22. Qxe4 f5 23. Qf3 Bxe5 24. dxe5 Kf7 25. h4 Rxd1 26. Rxd1 Rd8 27. Rxd8
Qxd8 28. Bc1 Qd5 29. Bxf4 Qxf3 30. gxf3 gxf4 31. c4 Ke7 32. Kf1 Kf7 33. h5 Ke7
34. Ke2 Kd7 35. Kd3 a5 36. a4 Kc6 37. Kc3 Kd7 38. Kd3 Kc6 39. Kc3 Kd7 40. Kd3
Kc6 1/2-1/2

[Event "ECCC 2013"]
[Site "Rhodes"]
[Date "2013.10.23"]
[Round "4"]
[White "Kuipers, Stefan"]
[Black "Wiwe, Andreas"]
[Result "1-0"]
[WhiteElo "2411"]
[BlackElo "2287"]
[PlyCount "129"]
[EventDate "2013.10.20"]
[EventType "team"]
[EventRounds "7"]
[EventCountry "GRE"]
[WhiteTeam "Accres Apeldoorn"]
[BlackTeam "Jetsmark"]

1. e4 c5 2. Nf3 d6 3. d4 cxd4 4. Nxd4 Nf6 5. f3 e5 6. Nb3 d5 7. Bg5 Be6 8. Bxf6
gxf6 9. exd5 Bxd5 10. Nc3 Bb4 11. Qd3 Nc6 12. O-O-O Bxb3 13. Qb5 Qa5 14. Qxa5
Bxa5 15. axb3 Bxc3 16. bxc3 Ke7 17. Bd3 h6 18. Bf5 Rad8 19. Rd3 Rxd3 20. cxd3
Kd6 21. Kc2 Rg8 22. g3 Kc7 23. Kd2 Rg5 24. Bh3 a5 25. Ke3 b5 26. Bg2 b4 27. Rc1
Kd6 28. cxb4 Nxb4 29. Rc8 f5 30. f4 exf4+ 31. Kxf4 Nxd3+ 32. Ke3 Nb4 33. Rh8
Rg6 34. Kf4 Ke6 35. Ra8 Rg4+ 36. Kf3 Rd4 37. Bf1 Nc6 38. Ra6 Rd6 39. Kf4 Rd4+
40. Ke3 Rd6 41. Bc4+ Ke7 42. Kf4 f6 43. Bb5 Nd4 44. Ra7+ Kf8 45. Bc4 Nc6 46.
Ra8+ Ke7 47. Kxf5 Rd2 48. h4 Rf2+ 49. Ke4 Rg2 50. Bd5 Nb4 51. Kf3 Rb2 52. Bg8
Nc6 53. Kg4 Ne5+ 54. Kh3 Nc6 55. Bd5 Nb4 56. Bc4 Nc6 57. Ra6 Nd4 58. Rxa5 f5
59. Rd5 Rd2 60. b4 h5 61. b5 Nf3 62. Rxd2 Nxd2 63. Be2 Ne4 64. Bxh5 Nf6 65. b6
1-0

[Event "ECCC 2013"]
[Site "Rhodes"]
[Date "2013.10.23"]
[Round "4"]
[White "Christensen, Stefan"]
[Black "Boel, Marcel"]
[Result "1/2-1/2"]
[WhiteElo "2278"]
[BlackElo "2231"]
[PlyCount "130"]
[EventDate "2013.10.20"]
[EventType "team"]
[EventRounds "7"]
[EventCountry "GRE"]
[WhiteTeam "Jetsmark"]
[BlackTeam "Accres Apeldoorn"]

1. e4 e5 2. Bc4 Nf6 3. d3 Bc5 4. Nf3 Nc6 5. c3 O-O 6. O-O Bb6 7. Re1 d6 8. Bb3
Ne7 9. Nbd2 c6 10. h3 Ng6 11. Nf1 Nh5 12. d4 Nhf4 13. Bxf4 exf4 14. N1d2 Bc7
15. a4 Qf6 16. Nc4 Be6 17. d5 Bd7 18. dxc6 Bxc6 19. Nd4 d5 20. Nd2 dxe4 21.
Nxe4 Bxe4 22. Rxe4 Rad8 23. Qe2 a6 24. Re1 h6 25. Ne6 f3 26. Qxf3 Qxf3 27. gxf3
fxe6 28. Rxe6 Nf4 29. Re7+ Kh8 30. Rxc7 Nxh3+ 31. Kg2 Nf4+ 32. Kg3 Nh5+ 33. Kh4
Nf4 34. Kg4 Rd6 35. Rf7 Rxf7 36. Bxf7 Nd3 37. Re8+ Kh7 38. b3 Rf6 39. Bg8+ Kg6
40. Re6 Nxf2+ 41. Kg3 Nd1 42. Rxf6+ Kxf6 43. c4 a5 44. Kf4 Nc3 45. Ke3 Ke5 46.
f4+ Kd6 47. Kd4 Ne2+ 48. Ke4 Nc1 49. Kf5 Nxb3 50. Kg6 Nc5 51. Kxg7 Nxa4 52.
Kxh6 Nc5 53. Bh7 Ke7 54. Kg5 a4 55. Bb1 a3 56. f5 Ne4+ 57. Kg6 Kf8 58. Ba2 b6
59. Bb3 Nc5 60. Ba2 Nd3 61. Kf6 Nc1 62. Bb1 Ne2 63. Ba2 Nc1 64. Bb1 Ne2 65. Ba2
Nc1 1/2-1/2

[Event "ECCC 2013"]
[Site "Rhodes"]
[Date "2013.10.23"]
[Round "4"]
[White "Van Der Elburg, Freddie"]
[Black "Rathlev, Jakob"]
[Result "1/2-1/2"]
[WhiteElo "2196"]
[BlackElo "2250"]
[PlyCount "135"]
[EventDate "2013.10.20"]
[EventType "team"]
[EventRounds "7"]
[EventCountry "GRE"]
[WhiteTeam "Accres Apeldoorn"]
[BlackTeam "Jetsmark"]

1. c4 c5 2. g3 Nc6 3. Bg2 g6 4. Nf3 Bg7 5. O-O e5 6. Nc3 Nge7 7. Ne1 O-O 8. Nc2
d6 9. Ne3 Be6 10. Ned5 Qd7 11. a3 Bh3 12. b4 Bxg2 13. Kxg2 cxb4 14. axb4 Nxd5
15. Nxd5 e4 16. Ra2 Ne7 17. Qa4 Qd8 18. Qb5 Nxd5 19. Qxd5 Qb6 20. Ra5 Qc6 21.
f3 Rfe8 22. e3 Qxd5 23. Rxd5 Rac8 24. fxe4 Rxc4 25. Rxd6 Rcxe4 26. d4 f5 27.
Bd2 Bh6 28. Rd7 Bxe3 29. Bxe3 Rxe3 30. Rxb7 Rd3 31. Rc1 Rxd4 32. Rcc7 Rd6 33.
Rg7+ Kh8 34. Rxh7+ Kg8 35. Rxa7 Rb6 36. h4 Rxb4 37. Rhg7+ Kh8 38. Rxg6 f4 39.
Ra5 Re7 40. Rh5+ Rh7 41. Rf5 Re7 42. gxf4 Kh7 43. Rg4 Rb2+ 44. Kh3 Re3+ 45. Rg3
Rxg3+ 46. Kxg3 Kg6 47. Rg5+ Kf6 48. h5 Rb1 49. Kh2 Rb4 50. h6 Rb2+ 51. Kg3 Rb7
52. Kg4 Ra7 53. Rh5 Rh7 54. f5 Kf7 55. Kg5 Kg8 56. Rh4 Rb7 57. Kg6 Rg7+ 58. Kf6
Rf7+ 59. Ke6 Rb7 60. Rd4 Rb2 61. Rd5 Kh7 62. f6 Kxh6 63. Ke7 Kg6 64. Rd6 Rb8
65. Ra6 Rb7+ 66. Ke6 Rb3 67. Ke7 Rb7+ 68. Ke6 1/2-1/2

[Event "ECCC 2013"]
[Site "Rhodes"]
[Date "2013.10.23"]
[Round "4"]
[White "Hoffmann, Tobias"]
[Black "Van Dommelen, Martin"]
[Result "0-1"]
[WhiteElo "2090"]
[BlackElo "2100"]
[PlyCount "206"]
[EventDate "2013.10.20"]
[EventType "team"]
[EventRounds "7"]
[EventCountry "GRE"]
[WhiteTeam "Jetsmark"]
[BlackTeam "Accres Apeldoorn"]

1. e4 c5 2. d3 Nc6 3. f4 d5 4. Be2 e6 5. Nf3 g6 6. O-O Bg7 7. c3 Nge7 8. Qc2
O-O 9. a4 b6 10. Kh1 Bb7 11. Be3 Rc8 12. Bf2 Qd7 13. Na3 Rfd8 14. e5 Bh6 15.
Qd2 Na5 16. Bd1 d4 17. Bh4 dxc3 18. bxc3 Ba6 19. Nb5 Bxb5 20. axb5 Rc7 21. Bc2
Qxb5 22. Qf2 Bg7 23. Nd2 Qe8 24. Ne4 Nd5 25. c4 Nb4 26. Ra3 Rd4 27. Nf6+ Bxf6
28. Bxf6 Nxc2 29. Qxc2 Rcd7 30. Kg1 Nc6 31. Rf3 Ne7 32. g4 Qa8 33. Rh3 Rxf4 34.
Rg3 Kf8 35. Bg5 Rf3 36. Qe2 Rxg3+ 37. hxg3 Ng8 38. Qe3 Kg7 39. Ra2 h6 40. Bf6+
Nxf6 41. exf6+ Kxf6 42. Qxh6 Ke7 43. Qg5+ f6 44. Qxg6 Qf3 45. Kh2 Qxd3 46. Qg7+
Kd6 47. Qf8+ Ke5 48. Qb8+ Rd6 49. Rxa7 Qxc4 50. Ra1 Qc3 51. Rf1 Qd2+ 52. Kh3 c4
53. Qf8 c3 54. Qxf6+ Kd5 55. Rf4 b5 56. Qf8 Kc5 57. Rf2 Qd5 58. Qc8+ Rc6 59.
Qf8+ Rd6 60. Qc8+ Qc6 61. Qh8 Qh1+ 62. Rh2 Qf1+ 63. Kh4 Qc4 64. Qe5+ Rd5 65.
Qe3+ Qd4 66. Qh6 b4 67. Kh3 Kc4 68. Qxe6 b3 69. Qc8+ Rc5 70. Qa6+ Kb4 71. Qb6+
Kc4 72. Qa6+ Rb5 73. Qa4+ Kc5 74. Qa7+ Rb6 75. Qa5+ Kd6 76. Qa3+ Qb4 77. Qa8 b2
78. Qd8+ Kc5 79. Qc7+ Kb5 80. Qd7+ Ka5 81. Qd5+ Ka4 82. Qa2+ Qa3 83. Qc4+ Rb4
84. Qc6+ Kb3 85. Qd5+ Rc4 86. Qd1+ c2 87. Qd3+ Kb4 88. Qd6+ Ka4 89. Qd7+ Kb3
90. Qd3+ Rc3 91. Qd5+ Kb4 92. Qd6+ Kb5 93. Qd7+ Kc5 94. Qc7+ Kb5 95. Qd7+ Kb6
96. Qd8+ Kb7 97. Qd7+ Rc7 98. Qd5+ Ka7 99. Qd4+ Qc5 100. Qa4+ Kb6 101. Qb3+ Qb5
102. Qe3+ Ka5 103. Qa3+ Qa4 0-1

[Event "ECCC 2013"]
[Site "Rhodes"]
[Date "2013.10.23"]
[Round "4"]
[White "Stefansson, Hannes"]
[Black "Shengelia, David"]
[Result "1/2-1/2"]
[WhiteElo "2521"]
[BlackElo "2556"]
[PlyCount "82"]
[EventDate "2013.10.20"]
[EventType "team"]
[EventRounds "7"]
[EventCountry "GRE"]
[WhiteTeam "Viking Chess Club"]
[BlackTeam "SK Advisory Invest Baden"]

1. d4 Nf6 2. c4 e6 3. Nf3 Bb4+ 4. Bd2 Bxd2+ 5. Qxd2 d5 6. g3 c6 7. Bg2 Nbd7 8.
O-O b6 9. Rc1 O-O 10. Ne5 Nxe5 11. dxe5 Nd7 12. cxd5 cxd5 13. f4 Ba6 14. Na3
Nc5 15. Nc2 Rc8 16. Nd4 Qd7 17. Qe3 h6 18. Rc2 Qa4 19. Rac1 Rfe8 20. Qd2 Bd3
21. b3 Qxd4+ 22. e3 Bxc2 23. exd4 Ne4 24. Qe2 Nc3 25. Qxc2 Ne2+ 26. Qxe2 Rxc1+
27. Bf1 Rec8 28. Qa6 R8c7 29. Kf2 R7c2+ 30. Be2 Ra1 31. a4 Raa2 32. Ke3 Rxe2+
33. Qxe2 Rxe2+ 34. Kxe2 a5 35. Kf3 g6 36. g4 Kg7 37. h4 Kg8 38. g5 h5 39. Ke3
Kg7 40. Kd3 Kg8 41. Kc3 Kf8 1/2-1/2

[Event "ECCC 2013"]
[Site "Rhodes"]
[Date "2013.10.23"]
[Round "4"]
[White "Lendwai, Reinhard"]
[Black "Thorfinnsson, Bjorn"]
[Result "0-1"]
[WhiteElo "2379"]
[BlackElo "2385"]
[PlyCount "118"]
[EventDate "2013.10.20"]
[EventType "team"]
[EventRounds "7"]
[EventCountry "GRE"]
[WhiteTeam "SK Advisory Invest Baden"]
[BlackTeam "Viking Chess Club"]

1. d4 Nf6 2. c4 c5 3. Nf3 cxd4 4. Nxd4 Nc6 5. Nc3 d6 6. e4 g6 7. Be2 Bg7 8. Be3
O-O 9. O-O Bd7 10. f3 a6 11. Qd2 Rc8 12. Rac1 Ne8 13. Nd5 Nxd4 14. Bxd4 Bxd4+
15. Qxd4 Bc6 16. Nb6 Rb8 17. Rfd1 Qc7 18. b4 Ng7 19. b5 Ne6 20. Qe3 Nc5 21. Nd5
Bxd5 22. Rxd5 f6 23. Rcd1 Nd7 24. f4 Qb6 25. Qxb6 Nxb6 26. R5d4 Rfc8 27. Bg4
Rc7 28. Be6+ Kg7 29. h4 Na4 30. R1d2 Nc5 31. Bh3 axb5 32. cxb5 b6 33. g3 Ra8
34. Bf1 Ra3 35. Kh2 Rca7 36. Bc4 Re3 37. Bd5 Raa3 38. Rg2 Nd3 39. Rc4 Nc5 40.
Rcc2 e6 41. Bc6 Kf7 42. Rce2 f5 43. exf5 gxf5 44. Rxe3 Rxe3 45. g4 fxg4 46.
Rxg4 Ra3 47. Rg2 Kf6 48. h5 d5 49. h6 d4 50. Rg7 d3 51. Be8 Rxa2+ 52. Kh3 d2
53. Bh5 Kf5 54. Rxh7 Ra1 55. Rf7+ Ke4 56. Kg3 Rh1 57. Bf3+ Ke3 58. h7 Rg1+ 59.
Kh2 Kxf3 0-1

[Event "ECCC 2013"]
[Site "Rhodes"]
[Date "2013.10.23"]
[Round "4"]
[White "Kjartansson, David"]
[Black "Ganaus, Hannes"]
[Result "1/2-1/2"]
[WhiteElo "2348"]
[BlackElo "2302"]
[PlyCount "80"]
[EventDate "2013.10.20"]
[EventType "team"]
[EventRounds "7"]
[EventCountry "GRE"]
[WhiteTeam "Viking Chess Club"]
[BlackTeam "SK Advisory Invest Baden"]

1. e4 c6 2. d4 d5 3. e5 Bf5 4. Nc3 Qc7 5. Be3 a6 6. f4 h5 7. Nf3 e6 8. Bd3 Nh6
9. h3 Bxd3 10. Qxd3 Nf5 11. Bf2 h4 12. O-O Be7 13. Nd1 Nd7 14. Ne3 g6 15. b3
Kf8 16. c4 Kg7 17. Rfc1 Nxe3 18. Qxe3 Rh5 19. a4 Rah8 20. Qd2 Qd8 21. Be3 Nf8
22. c5 Nh7 23. b4 Rg8 24. b5 Kh8 25. bxc6 bxc6 26. Nh2 f5 27. Qe2 Qe8 28. Rab1
g5 29. Rb7 gxf4 30. Rxe7 Qxe7 31. Qxh5 fxe3 32. Rb1 Qg7 33. Rb2 Qg3 34. Qf3
Qe1+ 35. Nf1 Qc3 36. Rb7 f4 37. Rxh7+ Kxh7 38. Qh5+ Kg7 39. Qg5+ Kh7 40. Qh5+
Kg7 1/2-1/2

[Event "ECCC 2013"]
[Site "Rhodes"]
[Date "2013.10.23"]
[Round "4"]
[White "Dzierzenga, Stefan"]
[Black "Sigurjonsson, Stefan Th"]
[Result "1/2-1/2"]
[WhiteElo "2173"]
[BlackElo "2104"]
[PlyCount "81"]
[EventDate "2013.10.20"]
[EventType "team"]
[EventRounds "7"]
[EventCountry "GRE"]
[WhiteTeam "SK Advisory Invest Baden"]
[BlackTeam "Viking Chess Club"]

1. e4 e6 2. Nf3 d5 3. e5 c5 4. b4 cxb4 5. d4 Ne7 6. a3 Nf5 7. axb4 Bxb4+ 8. c3
Be7 9. Bd3 O-O 10. h4 g6 11. h5 Nc6 12. g4 Ng7 13. Qd2 g5 14. Nxg5 Bxg5 15.
Qxg5 Qxg5 16. Bxg5 f5 17. h6 Ne8 18. gxf5 exf5 19. Rg1 Kf7 20. Na3 Rg8 21. Kd2
Be6 22. Nb5 a6 23. Be2 Ne7 24. Na3 Ng6 25. Nc2 Nc7 26. Ne3 Raf8 27. f4 Ne7 28.
Bh5+ Ng6 29. Bf3 b5 30. Nf1 Nxf4 31. Ke3 Bc8 32. Rg3 Ng6 33. Rg2 Be6 34. Nd2
Ke8 35. Nb3 Kf7 36. Nc5 Ra8 37. Ra5 Ra7 38. Bh5 Bc8 39. Bf3 Be6 40. Nd3 Bc8 41.
Nc5 1/2-1/2

[Event "ECCC 2013"]
[Site "Rhodes"]
[Date "2013.10.23"]
[Round "4"]
[White "Agopov, Mikael"]
[Black "Palliser, Richard J D"]
[Result "1/2-1/2"]
[WhiteElo "2434"]
[BlackElo "2455"]
[PlyCount "87"]
[EventDate "2013.10.20"]
[EventType "team"]
[EventRounds "7"]
[EventCountry "GRE"]
[WhiteTeam "Chess Club Velhot"]
[BlackTeam "White Rose"]

1. e4 c5 2. Nf3 d6 3. d4 cxd4 4. Nxd4 Nf6 5. Nc3 a6 6. Bg5 e6 7. f4 h6 8. Bh4
Qb6 9. a3 Be7 10. Bf2 Qc7 11. Qf3 Nbd7 12. O-O-O b5 13. g4 Bb7 14. Bg2 g5 15.
f5 e5 16. Nb3 Rc8 17. Qe2 h5 18. h3 Nb6 19. Na5 Nc4 20. Nxc4 Qxc4 21. Rd3 hxg4
22. hxg4 Rxh1+ 23. Bxh1 a5 24. b3 Qc6 25. Nd5 Nxd5 26. exd5 Qa6 27. Rh3 Bf6 28.
Be4 Ke7 29. Kb1 a4 30. b4 Rc4 31. Bd3 Bxd5 32. Bxc4 Bxc4 33. Qf3 Qc8 34. Rh6
Ba2+ 35. Kc1 Bb3 36. Qd1 Qc3 37. Kb1 Bc4 38. Rxf6 Kxf6 39. Qxd6+ Kg7 40. Qd8
Qxa3 41. Qxg5+ Kh7 42. Qh5+ Kg8 43. Qg5+ Kh7 44. Qh5+ 1/2-1/2

[Event "ECCC 2013"]
[Site "Rhodes"]
[Date "2013.10.23"]
[Round "4"]
[White "Van De Griendt, Jan Willem"]
[Black "Valli, Frans"]
[Result "1-0"]
[WhiteElo "2317"]
[BlackElo "2282"]
[PlyCount "111"]
[EventDate "2013.10.20"]
[EventType "team"]
[EventRounds "7"]
[EventCountry "GRE"]
[WhiteTeam "White Rose"]
[BlackTeam "Chess Club Velhot"]

1. d4 d5 2. c4 c6 3. Nf3 Nf6 4. e3 a6 5. Bd3 Bg4 6. Nbd2 e6 7. O-O Nbd7 8. b3
Bf5 9. Qc2 Bxd3 10. Qxd3 Be7 11. Bb2 O-O 12. Rad1 Qc7 13. e4 dxe4 14. Nxe4 c5
15. dxc5 Nxc5 16. Nxc5 Qxc5 17. Ne5 Rad8 18. Qf3 Qb6 19. g4 Rxd1 20. Rxd1 Rd8
21. Rxd8+ Qxd8 22. g5 Qd2 23. gxf6 gxf6 24. Nd3 Kf8 25. Bc1 Qxa2 26. Bh6+ Ke8
27. Nc1 Qc2 28. Qd3 Qb2 29. Be3 f5 30. Qd4 Qc2 31. Kg2 Ba3 32. Qh8+ Kd7 33.
Qd4+ Ke8 34. Qd3 Qb2 35. Ne2 Qg7+ 36. Kf1 Qa1+ 37. Kg2 Qg7+ 38. Ng3 h5 39. Bb6
Be7 40. Kh1 h4 41. Nf1 Qg4 42. h3 Qf4 43. Qe3 Qd6 44. Bd4 b5 45. cxb5 Qd5+ 46.
Kg1 axb5 47. Qc3 Kd7 48. Be5 Bc5 49. Ne3 Qc6 50. Bd4 Be7 51. Qxc6+ Kxc6 52. Kf1
f4 53. Nc2 f3 54. Ne1 e5 55. Bxe5 Kd5 56. Nxf3 1-0

[Event "ECCC 2013"]
[Site "Rhodes"]
[Date "2013.10.23"]
[Round "4"]
[White "Hokkanen, Petri"]
[Black "Townsend, M Paul"]
[Result "0-1"]
[WhiteElo "2301"]
[BlackElo "2233"]
[PlyCount "54"]
[EventDate "2013.10.20"]
[EventType "team"]
[EventRounds "7"]
[EventCountry "GRE"]
[WhiteTeam "Chess Club Velhot"]
[BlackTeam "White Rose"]

1. e4 e6 2. d4 d5 3. e5 c5 4. c3 Nc6 5. Nf3 Qb6 6. a3 c4 7. Nbd2 Na5 8. g3 Bd7
9. h4 O-O-O 10. Bh3 f5 11. Qe2 Nh6 12. Nf1 Nb3 13. Rb1 Nf7 14. Bg5 Re8 15. Bd2
Be7 16. g4 Nxd2 17. N1xd2 fxg4 18. Bxg4 Nh6 19. Bh3 Ref8 20. Rg1 g6 21. Ng5 Nf5
22. Bxf5 Rxf5 23. Rg4 Kb8 24. Kf1 h6 25. Nh3 Be8 26. Rf4 Rxf4 27. Nxf4 g5 0-1

[Event "ECCC 2013"]
[Site "Rhodes"]
[Date "2013.10.23"]
[Round "4"]
[White "Barrett, Stephen J"]
[Black "Kosmo, Santul"]
[Result "1-0"]
[WhiteElo "2216"]
[BlackElo "2237"]
[PlyCount "91"]
[EventDate "2013.10.20"]
[EventType "team"]
[EventRounds "7"]
[EventCountry "GRE"]
[WhiteTeam "White Rose"]
[BlackTeam "Chess Club Velhot"]

1. d4 Nf6 2. c4 c5 3. d5 e6 4. Nc3 exd5 5. cxd5 d6 6. e4 g6 7. f4 Bg7 8. Nf3
O-O 9. Be2 Nbd7 10. O-O Re8 11. Nd2 a6 12. a4 Rb8 13. Qc2 h5 14. h3 Nb6 15. a5
Na8 16. Nc4 b5 17. axb6 Nxb6 18. Na5 Bd7 19. f5 gxf5 20. Bg5 Qe7 21. Nc6 Bxc6
22. dxc6 fxe4 23. Rf5 Qe6 24. Raf1 Nh7 25. Bh4 d5 26. Bxh5 Qxc6 27. Bxf7+ Kh8
28. Nxd5 Nxd5 29. Bxd5 Qh6 30. Bg3 Rxb2 31. Qa4 Re7 32. Kh2 Ng5 33. R1f2 Rxf2
34. Rxf2 e3 35. Rf4 Nh7 36. Rh4 Qg5 37. Qc6 Be5 38. Qc8+ Kg7 39. Rg4 Bxg3+ 40.
Rxg3 Qxg3+ 41. Kxg3 e2 42. Qg4+ Kf6 43. Qh4+ Ng5 44. Kf4 Rg7 45. Qh6+ Rg6 46.
Qf8+ 1-0

[Event "ECCC 2013"]
[Site "Rhodes"]
[Date "2013.10.23"]
[Round "4"]
[White "O'Driscoll, Kieran"]
[Black "Papula, Niko"]
[Result "1-0"]
[WhiteElo "2120"]
[BlackElo "1980"]
[PlyCount "79"]
[EventDate "2013.10.20"]
[EventType "team"]
[EventRounds "7"]
[EventCountry "GRE"]
[WhiteTeam "White Rose"]
[BlackTeam "Chess Club Velhot"]

1. d4 Nf6 2. c4 g6 3. Nc3 d5 4. Nf3 Bg7 5. Bf4 c6 6. e3 O-O 7. h3 Qb6 8. b3 Ne4
9. Nxe4 dxe4 10. c5 Qd8 11. Nd2 f5 12. Bc4+ Kh8 13. f3 Nd7 14. O-O e5 15. dxe5
Nxe5 16. fxe4 fxe4 17. Nxe4 Nxc4 18. bxc4 Qe7 19. Ng5 h6 20. Nf3 Bxa1 21. Qxa1+
Kh7 22. Qd4 Re8 23. Ne5 Be6 24. g4 Rad8 25. Qe4 Qg7 26. Kh2 Rd2+ 27. Kg3 Rxa2
28. h4 Kg8 29. Nxg6 Bd7 30. Be5 Rxe5 31. Nxe5 Rd2 32. Rf7 Qxf7 33. Nxf7 Kxf7
34. Qh7+ Ke8 35. Qxh6 a5 36. Qh8+ Ke7 37. Qe5+ Kd8 38. h5 a4 39. h6 a3 40. h7
1-0